00831cam a22002411 45000010005000000030008000050050017000130080041000300350014000710400032000850410008001170820021001251000026001462450080001722600050002523000036003025040030003386500022003686500032003909420012004229990015004349520140004499503BD-RjUL20211208234805.0140121s1964 enka b 000 0 eng  a(BD-RjUL) aDLCcDLCdDLCdBD-RjULbeng aeng00a541.22bLIE 19641 aLinnett, J. W.92943714aThe electronic structure of molecules:ba new approach /cby J. W. Linnett. aLondon,aNew York :bMethuen;bWiley,c[1964] avii, 167 p. :billus. ;c23 cm. aBibliography: p. 161-162. 0aElectrons.927747 0aMolecular structure.928116 2ddccBK c9503d9503 00102ddc40718NFICaRUCLbRUCLcReadingd1968-04-23eZeitlingerg25.00l0o541.22 LIE 1964r2014-01-21 00:00:00tC-1w2014-01-21yBK